000 00444nam a2200157Ia 4500
008 240729s9999 xx 000 0 und d
022 _a2813-771X
245 0 _aFrontiers in Organizational Psychology
260 _aSwitzerland
260 _bFrontiers Media S.A.
650 _a Psychology
650 _aPhilosophy. Psychology. Religion
856 _uhttps://doaj.org/toc/29422f94c60e4ff7b2e8fd1e7f98d1d6
942 _2ddc
942 _cDOAJEJ
999 _c74762
_d74762
945 _a1
_bMadushi Gamage
_c1
_dMadushi Gamage